000 00848nam a2200265Ia 4500
001 Para_8430
003 CHAP
008 220125s9999 xx 000 0 und d
010 _a207273
040 _cCHAP
082 _aPA-C 595.752 A6
100 _aWilson, H. F.
_9165346
245 _aA list of the genera described as new from 1758 to 1909 in the family aphididae /
_c by H.F. Wilson
300 _a10 p.
440 _aAphidae; 14
_9173807
500 _aSobretiro de: Entomological News 21 (4): 147-156, 1910. Encuadernado con otros impresos similares
650 _a
_x Afididos
_x Colecciones de escritos
_x Afididos
_x Bibliografía
_9173838
901 _aPA-C 595.752 A6
902 _aA
905 _a000000 0000000000 00
910 _a
942 _cPARA
942 _cPARA
_d1
999 _c207273
_d207273